000 00337nam a2200157Ia 4500
100 _aShibu/K.V
650 _aEmbedded
942 _cBK
366 _f25
245 _aIntroduction to Embedded system
260 _bTata Mc Graw hill Ltd.
_c2009
082 _a3.3
_bSHI
300 _a716
546 _aENGLISH
_cPAMPHALETS
999 _c17801
_d17801